000
00227nam a2200097Ia 4500
005
20251222114413.0
008
251222s1900||||xx |||||||||||||| ||spa||
082
_a
DVD0060 /C523G/2003/Ej.2
245
4
_a
The gold rush:
942
_c
DVD
999
_c
2129
_d
2129